| 000 -LEADER |
| fixed length control field |
01384cam a2200325 a 4500 |
| 001 - CONTROL NUMBER |
| control field |
1581190 |
| 005 - DATE AND TIME OF LATEST TRANSACTION |
| control field |
20211109165454.0 |
| 008 - FIXED-LENGTH DATA ELEMENTS--GENERAL INFORMATION |
| fixed length control field |
931201s1994 gw a b 001 0 eng |
| 010 ## - LIBRARY OF CONGRESS CONTROL NUMBER |
| LC control number |
93046744 |
| 020 ## - INTERNATIONAL STANDARD BOOK NUMBER |
| International Standard Book Number |
3540576193 (Berlin : acidfree paper) |
| 020 ## - INTERNATIONAL STANDARD BOOK NUMBER |
| International Standard Book Number |
0387576193 (New York : acidfree paper) |
| 040 ## - CATALOGING SOURCE |
| Original cataloging agency |
DLC |
| Transcribing agency |
DLC |
| Modifying agency |
DLC |
| 050 00 - LIBRARY OF CONGRESS CALL NUMBER |
| Classification number |
QC665.T7 |
| Item number |
S27 1994 |
| 082 00 - DEWEY DECIMAL CLASSIFICATION NUMBER |
| Classification number |
539.2 S-23 |
| Edition number |
20 |
| 100 1# - MAIN ENTRY--PERSONAL NAME |
| Personal name |
Sasiela, Richard J., |
| Dates associated with a name |
1940- |
| 9 (RLIN) |
12864 |
| 245 10 - TITLE STATEMENT |
| Title |
Electromagnetic wave propagation in turbulence : |
| Remainder of title |
evaluation and application of Mellin transforms / |
| Statement of responsibility, etc. |
Richard J. Sasiela. |
| 260 ## - PUBLICATION, DISTRIBUTION, ETC. |
| Place of publication, distribution, etc. |
Berlin ; |
| -- |
New York : |
| Name of publisher, distributor, etc. |
Springer-Verlag, |
| Date of publication, distribution, etc. |
c1994. |
| 300 ## - PHYSICAL DESCRIPTION |
| Extent |
xvii, 300 p. : |
| Other physical details |
ill. ; |
| Dimensions |
24 cm. |
| 440 #0 - SERIES STATEMENT/ADDED ENTRY--TITLE |
| Title |
Springer series on wave phenomena ; |
| Volume/sequential designation |
18 |
| 9 (RLIN) |
12865 |
| 504 ## - BIBLIOGRAPHY, ETC. NOTE |
| Bibliography, etc. note |
Includes bibliographical references (p. [289]-295)and index. |
| 650 #0 - SUBJECT ADDED ENTRY--TOPICAL TERM |
| Topical term or geographic name entry element |
Electromagnetic waves |
| General subdivision |
Transmission. |
| 9 (RLIN) |
12866 |
| 650 #0 - SUBJECT ADDED ENTRY--TOPICAL TERM |
| Topical term or geographic name entry element |
Atmospheric turbulence. |
| 9 (RLIN) |
12867 |
| 650 #0 - SUBJECT ADDED ENTRY--TOPICAL TERM |
| Topical term or geographic name entry element |
Mellin transform. |
| 9 (RLIN) |
12868 |
| 650 #0 - SUBJECT ADDED ENTRY--TOPICAL TERM |
| Topical term or geographic name entry element |
Numerical calculations. |
| 9 (RLIN) |
12869 |
| 653 ## - INDEX TERM--UNCONTROLLED |
| keyword |
Electromagnetic Wave Propagation in Turbulence : Evaluation and Application of Mellin Transforms |
| 653 ## - INDEX TERM--UNCONTROLLED |
| keyword |
физика |
| 906 ## - LOCAL DATA ELEMENT F, LDF (RLIN) |
| a |
7 |
| b |
cbc |
| c |
orignew |
| d |
1 |
| e |
ocip |
| f |
19 |
| g |
y-gencatlg |
| 942 ## - ADDED ENTRY ELEMENTS (KOHA) |
| Source of classification or shelving scheme |
|
| Koha item type |
წიგნი |